[Event "Bayern ch 2008"]
[Site "Bad Neustadt /Saale"]
[Date "2008.09.06"]
[Round "9.8"]
[White "Liepold, Stefan"]
[Black "Otte, Marco"]
[Result "1-0"]
[WhiteElo "2283"]
[BlackElo "2250"]
[PlyCount "91"]
[EventDate "2008.??.??"]
[WhiteTeam "SC Erlangen"]
[BlackTeam "SC Tarrasch 45 München"]

1. e4 c5 2. Nf3 d6 3. d4 cxd4 4. Nxd4 Nf6 5. Nc3 g6 6. Be3 Bg7 7. f3 a6 8. Qd2
Nbd7 9. g4 b5 10. h4 h5 11. g5 Nh7 12. O-O-O Bb7 13. Bd3 O-O 14. f4 e5 15. Nf3
Re8 16. fxe5 Nxe5 17. Nd4 ({Fritz 10:} 17. Nxe5 Bxe5 18. Rhf1 Rc8 19. Nd5 Bxd5
20. exd5 Nf8 21. Rf3 Qc7 22. Rdf1 Re7 23. Kb1 {[%eval 79,14]}) 17... Ng4 ({
Fritz 10:} 17... d5 18. Nxd5 Nxd3+ 19. Qxd3 Rxe4 20. Qxe4 Bxd5 21. Qf4 Qa5 22.
a3 {[%eval -137,14]}) 18. Bg1 d5 19. exd5 b4 20. Nce2 Qxd5 21. Rh3 Qxa2 22.
Qxb4 Bf8 23. Qb3 Qa1+ 24. Kd2 Qa5+ 25. Nc3 $4 Be4 $2 (25... Nxg5 $19) 26. Qa4
Qxa4 27. Nxa4 Bb7 28. Kc1 Bd6 29. Bc4 Bf4+ 30. Kb1 Bg2 31. Rb3 Ne5 32. Bf1 Bd5
33. Rc3 Be4 34. Nc5 Ng4 $2 35. Nxe4 Rxe4 36. Bg2 Rae8 37. Bxe4 Rxe4 38. Nb3 Re8
39. Bb6 Nf8 40. Rd8 Rxd8 41. Bxd8 Ne6 42. Ba5 Kh7 43. Nc5 Be5 44. Rc4 Ng7 45.
Nd7 Bg3 46. Rc8 1-0

[Event "Bayern ch 2008"]
[Site "Bad Neustadt /Saale"]
[Date "2008.09.06"]
[Round "9.10"]
[White "Reich, Thomas"]
[Black "Wild, Rudolf"]
[Result "1/2-1/2"]
[WhiteElo "2425"]
[BlackElo "2267"]
[PlyCount "142"]
[EventDate "2008.??.??"]
[WhiteTeam "FC Bayern München e.V."]
[BlackTeam "SK Krumbach"]

1. d4 Nf6 2. c4 c5 3. d5 b5 4. Nd2 g6 5. e4 d6 6. b3 Bg7 7. Bb2 bxc4 8. Bxc4
O-O 9. Ngf3 Nbd7 10. O-O Nb6 11. Bd3 a5 12. a4 Ba6 13. Bxa6 Rxa6 14. Rb1 Qa8
15. Re1 Ra7 16. Qc2 Rb7 17. Nf1 Rc8 18. N3d2 Nbd7 19. Nc4 Nb6 20. Nfd2 Nxc4 21.
Nxc4 Rcb8 22. Bc3 Ra7 23. Qd2 e6 24. Bxf6 Bxf6 25. dxe6 Bd4 26. Nxd6 fxe6 27.
Nb5 Rab7 28. Qe2 e5 29. Qc4+ Kg7 30. Re2 Rf7 31. Rf1 Rbf8 32. Qd5 Qxd5 33. exd5
Rd8 34. d6 g5 35. h3 Kg6 36. Rc1 Rf5 37. Rcc2 h5 38. g3 Rd7 39. Kg2 g4 40. Na3
Rxd6 41. Nc4 Ra6 42. Ne3 gxh3+ 43. Kxh3 Rf3 44. Kg2 Rf7 45. Nc4 Re7 46. Re4 Kf6
47. Rh4 Kg5 48. Re2 Rf6 49. f4+ Kg6 50. fxe5 Ra6 51. Re1 Rae6 52. Reh1 Rf7 53.
Rf4 (53. g4) 53... Rfe7 54. Re4 Bxe5 55. Rhe1 (55. Nxa5) 55... Kf5 56. Nxa5 Rg7
57. R4e3 Bxg3 58. Rf3+ Bf4+ 59. Kf1 Rxe1+ 60. Kxe1 Kg4 61. Kf2 h4 62. Kg2 Bg3 (
62... Re7) 63. Rf1 h3+ 64. Kh1 Re7 65. Nc4 Re2 66. Ra1 Rh2+ 67. Kg1 Rg2+ 68.
Kh1 Bf2 69. Rd1 Kg3 70. Rd3+ Kh4 71. Ne3 Bxe3 1/2-1/2

[Event "Bayern ch 2008"]
[Site "Bad Neustadt /Saale"]
[Date "2008.09.06"]
[Round "9.11"]
[White "Poetsch, Klaus"]
[Black "Seuffert, Gabriel"]
[Result "1/2-1/2"]
[WhiteElo "2245"]
[BlackElo "2322"]
[PlyCount "20"]
[EventDate "2008.??.??"]
[WhiteTeam "SC Waldkraiburg"]
[BlackTeam "SV Würzburg von 1865 e.V."]

1. d4 Nf6 2. Nf3 e6 3. c4 b6 4. a3 Bb7 5. Nc3 d5 6. cxd5 exd5 7. g3 Be7 8. Qa4+
c6 9. Bh3 O-O 10. O-O Re8 1/2-1/2

[Event "Bayern ch 2008"]
[Site "Bad Neustadt /Saale"]
[Date "2008.09.06"]
[Round "9.12"]
[White "Klimpel, Thomas"]
[Black "Röder, Gerd"]
[Result "1/2-1/2"]
[WhiteElo "2154"]
[BlackElo "2277"]
[PlyCount "32"]
[EventDate "2008.??.??"]
[WhiteTeam "TSV Kareth-Lappersdorf"]
[BlackTeam "SV Altensittenbach"]

1. d4 d5 2. Bf4 Nf6 3. e3 Bf5 4. c4 c6 5. Nc3 e6 6. Qb3 Qc8 7. h3 Nbd7 8. Nf3
h6 9. Rc1 Be7 10. Be2 O-O 11. O-O Nb6 12. c5 Nbd7 13. a3 Ne4 14. Nxe4 Bxe4 15.
Qc3 Bxf3 16. Bxf3 f5 1/2-1/2

[Event "Bayern ch 2008"]
[Site "Bad Neustadt /Saale"]
[Date "2008.09.06"]
[Round "9.13"]
[White "Röder, Frank"]
[Black "Jussupow, Nadia"]
[Result "1-0"]
[WhiteElo "2252"]
[BlackElo "2166"]
[PlyCount "97"]
[EventDate "2008.??.??"]
[WhiteTeam "SV Altensittenbach"]
[BlackTeam "SK Krumbach"]

1. e4 e5 2. Nc3 Nf6 3. Bc4 Bc5 4. d3 d6 5. Be3 Nbd7 6. Nge2 O-O 7. Ng3 c6 8.
Qd2 b5 9. Bb3 Bxe3 10. fxe3 Nc5 11. O-O a5 12. d4 Nxb3 13. axb3 Ng4 14. h3 Nh6
15. Nf5 Nxf5 16. exf5 Qh4 17. dxe5 b4 18. Na4 dxe5 19. Nc5 Rd8 20. Qf2 Qxf2+
21. Rxf2 Rd5 22. Nd3 Rb5 23. Rd1 f6 24. e4 Kf7 25. Rfd2 Bd7 26. Nxe5+ Rxe5 27.
Rxd7+ Re7 28. R1d6 Rc8 29. Kf2 Ke8 30. Rxe7+ Kxe7 31. Re6+ Kd7 32. Ke3 Rb8 33.
Kd4 Rb5 34. g4 h6 35. Kc4 Rb8 36. e5 fxe5 37. Rxe5 Ra8 38. Re6 c5 39. Rg6 a4
40. bxa4 Rxa4 41. Rxg7+ Ke8 42. Rh7 Ra2 43. Kb3 Ra6 44. Rg7 h5 45. g5 Rd6 46.
f6 Rd5 47. g6 Rf5 48. f7+ Ke7 49. Rg8 1-0

[Event "Bayern ch 2008"]
[Site "Bad Neustadt /Saale"]
[Date "2008.09.06"]
[Round "9.14"]
[White "Sandner, Michael"]
[Black "Lochte, Thomas"]
[Result "0-1"]
[WhiteElo "2044"]
[BlackElo "2176"]
[PlyCount "44"]
[EventDate "2008.??.??"]
[WhiteTeam "SG Traunstein/Traunreut e.V."]
[BlackTeam "SK Weilheim"]

1. e4 e5 2. Nf3 Nc6 3. Bc4 Nf6 4. d4 exd4 5. O-O Nxe4 6. Re1 d5 7. Bxd5 Qxd5 8.
Nc3 Qa5 9. Nxe4 Be6 10. Neg5 O-O-O 11. Nxe6 fxe6 12. Rxe6 Qd5 13. Qe2 h6 14.
Bf4 Bc5 15. a3 Rhf8 16. Bg3 d3 17. Qe4 dxc2 18. Qxd5 Rxd5 19. Rc1 Rd1+ 20. Re1
Rxc1 21. Rxc1 Rd8 22. Re1 g5 0-1

[Event "Bayern ch 2008"]
[Site "Bad Neustadt /Saale"]
[Date "2008.09.06"]
[Round "9.15"]
[White "Kaunzinger, Albert"]
[Black "Holzer, Richard"]
[Result "1/2-1/2"]
[WhiteElo "2226"]
[BlackElo "2296"]
[PlyCount "98"]
[EventDate "2008.??.??"]
[WhiteTeam "SC Gröbenzell"]
[BlackTeam "SK Passau 1869"]

1. a4 e5 2. g3 Nc6 3. Bg2 g6 4. Nc3 Bg7 5. a5 a6 6. Ra4 Nge7 7. h4 h5 8. d3 d5
9. Bg5 f6 10. Bd2 Be6 11. Bh3 Qd7 12. Bxe6 Qxe6 13. Nf3 Nc8 14. Qa1 Kf7 15. Qa2
N6e7 16. e4 d4 17. Qxe6+ Kxe6 18. Ne2 Nd6 19. c3 c5 20. cxd4 cxd4 21. Kd1 Rac8
22. Ne1 Nc6 23. f4 Rc7 24. Rf1 Rf7 25. Nf3 Kd7 26. Nc1 Kc8 27. Nb3 Bf8 28. Ke2
Be7 29. Raa1 Bd8 30. Rac1 Bc7 31. Nc5 Bxa5 32. Bxa5 Nxa5 33. fxe5 fxe5 34. Nxe5
Rc7 35. Ne6 Rxc1 36. Rxc1+ Kb8 37. Nxd4 Re8 38. Nd7+ Ka7 39. b4 $2 Nxe4 40.
dxe4 (40. Rc7) 40... Rxe4+ 41. Kd3 Rxd4+ 42. Kxd4 Nb3+ 43. Ke3 Nxc1 44. Ne5 Na2
45. Nxg6 Nxb4 46. Nf4 a5 47. Nxh5 Nd5+ 48. Kd2 Kb6 49. Nf4 Kc6 1/2-1/2

[Event "Bayern ch 2008"]
[Site "Bad Neustadt /Saale"]
[Date "2008.09.06"]
[Round "9.16"]
[White "Kirch, Florian"]
[Black "Kliche, Alexander"]
[Result "0-1"]
[WhiteElo "2024"]
[BlackElo "2211"]
[PlyCount "50"]
[EventDate "2008.??.??"]
[WhiteTeam "FSV Großenseebach"]
[BlackTeam "SC Kitzingen von 1905"]

1. d4 Nf6 2. c4 c5 3. d5 e6 4. Nc3 exd5 5. cxd5 d6 6. Nf3 g6 7. Bf4 a6 8. e4
Bg7 9. Bd3 O-O 10. O-O b5 11. Re1 Re8 12. e5 dxe5 13. Nxe5 Bb7 14. d6 Nh5 15.
Qb3 Bxe5 16. Bxe5 Nd7 17. f4 c4 18. Qd1 cxd3 19. Qxd3 Nxe5 20. fxe5 Qg5 21. Ne4
Qxe5 22. d7 Bxe4 23. dxe8=Q+ Rxe8 24. Qd2 Nf4 25. b3 Qc5+ 0-1

[Event "Bayern ch 2008"]
[Site "Bad Neustadt /Saale"]
[Date "2008.09.06"]
[Round "9.17"]
[White "Däubler, Heinrich"]
[Black "Schatz, Christian"]
[Result "1/2-1/2"]
[WhiteElo "2171"]
[BlackElo "2209"]
[PlyCount "52"]
[EventDate "2008.??.??"]
[WhiteTeam "Schachclub Haselmühl"]
[BlackTeam "Schachzentrum Fürth 2002"]

1. e4 c5 2. Nc3 Nc6 3. g3 g6 4. Bg2 Bg7 5. d3 e6 6. Be3 Nd4 7. f4 Ne7 8. Nf3 d6
9. O-O O-O 10. Rb1 Rb8 11. Ne2 Nxf3+ 12. Bxf3 b6 13. g4 f5 14. Ng3 d5 15. gxf5
dxe4 16. dxe4 exf5 17. e5 Be6 18. Qe2 Qc7 19. c4 Rfd8 20. Rfd1 Kf7 21. b3 a6
22. h4 Rxd1+ 23. Rxd1 Rd8 24. h5 Rxd1+ 25. Qxd1 g5 26. Qd6 Qxd6 1/2-1/2